Reflexiones y prácticas sobre el cambio en educación básica : foros para la transformación educativa.

Furkejuvvon:
Bibliográfalaš dieđut
Váldodahkki: Flores Martínez, Alberto coord, (autor)
Eará dahkkit: Cordero Arroyo, Dolores Graciela (autor) (autor)
Materiálatiipa: Girji
Giella:espánnjágiella
Ráidu:(Colección archivos ; no. 5)
Fáttát:
Fáddágilkorat: Lasit fáddágilkoriid
Eai fáddágilkorat, Lasit vuosttaš fáddágilkora!

MARC

LEADER 00000cam^a2200000uu^4500
001 000492758
005 20250521000000.0
008 050901s1998^^^^^^^^^^^^rd^r^^000^0^spa^d
009 20260310125448.112
022 |a 9686898859 
035 |a FCE 000036120 
035 |a FCE 036164 
037 |a Acervo ITESO - Biblioteca 
041 |a spa 
082 0 4 |a 370.11  |b FLOr 
100 |a Flores Martínez, Alberto,  |e coord  |e (autor) 
245 1 0 |a Reflexiones y prácticas sobre el cambio en educación básica :  |b foros para la transformación educativa. 
264 |a México :  |b UPN,  |c 1998. 
300 |a 168 p. :  |b il. 
336 |a texto  |b txt  |2 rdacontenido 
337 |a sin mediación  |b n  |2 rdamedio 
338 |a volumen  |b nc  |2 rdasoporte 
440 0 |a (Colección archivos ;  |v no. 5) 
611 4 |a Conferencia 
649 |a XX 
650 |a TEBES 
650 |a Docentes 
650 |a Educación básica 
650 |a Cambio de la educación 
650 |a Ensayo 
650 |a Discurso 
650 |a Formación de docentes 
650 |a Investigación educativa 
650 |a Práctica docente 
700 |a Cordero Arroyo, Dolores Graciela  |e (autor) 
910 |a Fondo Centro de Estudios Educativos 
920 |a Impresos - Libros 
930 |a Fondos Especiales 
905 |a 133 
901 |a ALE036164  |b IT2  |c CEE  |u 20250521 
901 |a ALE040860  |b IT2  |c CEE  |u 20250521 
902 |a https://opac.biblio.iteso.mx/vufind/Record/000492758